[Event "Caorle op"]
[Site "Caorle"]
[Date "1989.??.??"]
[Round "2"]
[White "Cristiani, Cesare"]
[Black "Zechner, C."]
[Result "1/2-1/2"]
[WhiteElo "1900"]
[BlackElo "2000"]
[PlyCount "46"]
[EventDate "1989.07.??"]
[EventType "swiss"]
[EventRounds "8"]
[EventCountry "ITA"]
[SourceTitle "EXT 2000"]
[Source "ChessBase"]
[SourceDate "1999.11.16"]
[SourceVersion "1"]
[SourceVersionDate "1999.11.16"]
[SourceQuality "1"]

1. d4 Nf6 2. c4 e6 3. Nc3 Bb4 4. Qc2 c5 5. dxc5 0-0 6. a3 Bxc5 7. Nf3 Nc6 8. Bg5 Be7 9. e3 h6 10. h4 Qa5 11. 0-0-0 b6 12. Kb1 Ne5 13. Nxe5 Qxe5 14. Bf4 Qc5 15. Be2 Bb7 16. Rhg1 h5 17. f3 Rac8 18. g4 hxg4 19. fxg4 d5 20. g5 Ne4 21. Rd4 Nxc3+ 22. Qxc3 Bd6 23. Bxd6 Qxd6 1/2-1/2

[Event "Caorle op"]
[Site "Caorle"]
[Date "1989.??.??"]
[Round "6"]
[White "Zechner, C."]
[Black "Kosic, Dragan"]
[Result "0-1"]
[WhiteElo "2000"]
[BlackElo "2445"]
[PlyCount "46"]
[EventDate "1989.07.??"]
[EventType "swiss"]
[EventRounds "8"]
[EventCountry "ITA"]
[SourceTitle "EXT 2000"]
[Source "ChessBase"]
[SourceDate "1999.11.16"]
[SourceVersion "1"]
[SourceVersionDate "1999.11.16"]
[SourceQuality "1"]

1. d4 d5 2. c4 e6 3. Nc3 c5 4. Nf3 Nc6 5. cxd5 exd5 6. Bg5 Be7 7. Bxe7 Ngxe7 8. e3 Qb6 9. Bb5 0-0 10. dxc5 Qxc5 11. Bxc6 bxc6 12. 0-0 Rb8 13. Na4 Qd6 14. Qd4 Bg4 15. Qxa7 Bxf3 16. gxf3 Nf5 17. Rfc1 Qg6+ 18. Kf1 Nh4 19. Qc7 Qg2+ 20. Ke1 Nxf3+ 21. Ke2 Nd4+ 22. Ke1 Qg1+ 23. Kd2 Qxf2+ 0-1

[Event "Caorle op"]
[Site "Caorle"]
[Date "1989.??.??"]
[Round "4"]
[White "Zechner, C."]
[Black "Sinka, Brigitta"]
[Result "1-0"]
[WhiteElo "2000"]
[BlackElo "2045"]
[PlyCount "55"]
[EventDate "1989.07.??"]
[EventType "swiss"]
[EventRounds "8"]
[EventCountry "ITA"]
[SourceTitle "EXT 2000"]
[Source "ChessBase"]
[SourceDate "1999.11.16"]
[SourceVersion "1"]
[SourceVersionDate "1999.11.16"]
[SourceQuality "1"]

1. d4 Nf6 2. c4 d5 3. cxd5 Nxd5 4. Nf3 e6 5. Nc3 Bd6 6. e4 Nxc3 7. bxc3 c5 8. e5 Be7 9. Bd3 cxd4 10. cxd4 Nc6 11. Be3 h6 12. a3 a6 13. h4 Bd7 14. Rh3 b5 15. Nd2 Na5 16. Qg4 g6 17. Bxg6 Bc6 18. Bxf7+ Kxf7 19. Qh5+ Kf8 20. Rg3 Qc7 21. Bxh6+ Rxh6 22. Qxh6+ Ke8 23. Qxe6 Kd8 24. d5 Be8 25. d6 Bxd6 26. exd6 Qd7 27. Qf6+ Kc8 28. Rg7 1-0